Hal al-ʻArabīyah manṭiqīyah? : abḥāth thunāʼīyah alsunīyah /
Main Author:
Format: Book
Language: Arabic
Published:
Jūnīyah, Lubnān :
Maṭbaʻat al-Mursalīn al-Lubnānīyīn,
1947.
Subjects:
Tags: Add Tag
Call Number: PJ6199 .M3 1947
| LEADER | 01156nam a2200265Ia 4500 | ||
|---|---|---|---|
| 003 | OSt | ||
| 005 | 20230927120822.0 | ||
| 008 | 130303s1947 le b 000 0 ara d | ||
| 952 | |0 0 |1 0 |2 lcc |4 0 |6 PJ6199 M3 01947 |7 1 |9 50265 |a ARCE |b ARCE |d 2023-09-27 |l 0 |o PJ6199 .M3 1947 |p 1029137 |r 2023-09-27 00:00:00 |w 2023-09-27 |y BK | ||
| 999 | |c 30055 |d 30055 | ||
| 010 | |a 75972144 | ||
| 040 | |c ARCE Library | ||
| 050 | 4 | |a PJ6199 .M3 1947 | |
| 100 | 1 | |6 880-01 |a Marmarjī, A. S., |d 1887- |e author | |
| 245 | 1 | 0 | |6 880-02 |a Hal al-ʻArabīyah manṭiqīyah? : |b abḥāth thunāʼīyah alsunīyah / |c taʼlīf A. S. Marmarjī. |
| 264 | 1 | |a Jūnīyah, Lubnān : |b Maṭbaʻat al-Mursalīn al-Lubnānīyīn, |c 1947. | |
| 300 | |a 160 pages ; |c 21 cm. | ||
| 504 | |a Includes bibliographical references. | ||
| 650 | 0 | |a Arabic language |x Etymology. | |
| 650 | 0 | |a Comparative linguistics. | |
| 650 | 0 | |a Semitic languages. | |
| 880 | 1 | |6 100-01/(3/r |a .مرمجي, أ. س, |d 1887- | |
| 880 | 1 | 0 | |6 245-02/(3/r |a هل العربية منطقية؟ : |b أبحاث ثنائية السنية |c تأليف ا.س. مرمرجي |
| 901 | |a reviewed | ||
| 942 | |c BK |2 lcc | ||
